000 01043nam a2200325 a 4500
001 25858
003 CO-ViMGA
008 141112s2004 ck r 000 u spa d
020 _a9789588699356
040 _aCO-ViMGA
_bspa
_cCO-ViMGA
041 _aSPA
090 _aN MOY3
100 1 _aMo, Yan, 1955 -
_940239
245 1 0 _aShifu, harías cualquier cosa por divertirte /
_cMo Yan ; traducción de Cora Tiedra
250 _a1a ed.
260 _aBogotá :
_bKailas,
_c2013
300 _a210 p.
500 _aTítulo original : Shifu, You'll do anything for laugh
650 1 4 _aAUTORES CHINOS
_940240
650 1 4 _aCAPITALISMO - NOVELA
_940241
650 1 4 _aCOMUNISMO - NOVELA
_940242
650 1 4 _aNOVELA CHINA - SIGLO XX
_930982
650 1 4 _aNOVELA CHINA - SIGLO XX
_930982
650 1 4 _aNOVELA CHINA - SIGLO XX
_930982
650 1 4 _aNOVELA CHINA - SIGLO XX
_930982
650 1 4 _aVIDA COTIDIANA - NOVELA
651 _aCHINA - VIDA SOCIAL Y COSTUMBRES - NOVELA
_940243
700 1 _aTiedra, Cora
_940244
942 _2ddc
_cBK
999 _c5423
_d5423